| 000 | 00739nam a2200241 a 4500 | ||
|---|---|---|---|
| 999 |
_c10856 _d10856 |
||
| 001 | 10856 | ||
| 003 | BD-JhCC | ||
| 005 | 20211202134020.0 | ||
| 008 | 190522b2017 bg |||| ||a| 000 0 ben d | ||
| 020 | _a9789849274353 | ||
| 035 | _a(BD-JhCC)10856 | ||
| 040 |
_aBD-JhCC _dBD-JhCC |
||
| 041 | _aben | ||
| 082 |
_a891.3 _bHAS 2017 |
||
| 100 | _aহাসান, রাকিব | ||
| 245 |
_aমহাকাশের আতঙ্ক / _cরাকিব হাসান |
||
| 260 |
_aঢাকা, _bপ্রথমা প্রকাশন; _c2017. |
||
| 300 |
_a110 p. : _c22 cm. |
||
| 490 | _aসায়েন্স ফিকশন সিরিজ -১ , | ||
| 650 | _aBengali fiction | ||
| 942 |
_2ddc _cBK _07 |
||